000 00364nam a2200145Ia 4500
008 230711s9999||||xx |||||||||||||| ||und||
041 _aENG
082 _a620.112
_bRA-S
100 _aRamamrutham.S
245 0 _aStrength of materials
250 _a14th
260 _c2003
_aNew Delhi
_bDhanpat Rai & Co.(Pvt.)Ltd.
650 _aMechanical Engineering
942 _cBK
999 _c2281
_d2281